|
|
|
|
| LEADER |
00000nam0a2200000 4500 |
| 001 |
143445 |
| 005 |
20231101221028.0 |
| 010 |
|
|
|a 5239012563
|
| 020 |
|
|
|a RU
|b 91-30970
|
| 035 |
|
|
|a (RuTPU)RU\TPU\book\155445
|
| 090 |
|
|
|a 143445
|
| 100 |
|
|
|a 20080919g1991 m y0rusy5003 ca
|
| 101 |
0 |
|
|a rus
|
| 102 |
|
|
|a RU
|
| 105 |
|
|
|a c z 000ay
|
| 200 |
1 |
|
|a Семейный календарь, или Жизнь от конца до начала
|e роман : [В 3 ч.]
|h Ч. 2
|i Сторож брату своему
|f Л. И. Лиходеев
|
| 210 |
|
|
|a Москва
|c Московский рабочий
|d 1991
|
| 215 |
|
|
|d 21 см
|a 669 с.
|c портр.
|
| 610 |
1 |
|
|a коммунисты
|
| 610 |
1 |
|
|a культ личности
|
| 610 |
1 |
|
|a репрессии
|
| 610 |
1 |
|
|a Великая Отечественная война 1941-1945 гг.
|
| 610 |
1 |
|
|a русская литература
|
| 610 |
1 |
|
|a романы
|
| 610 |
1 |
|
|a СССР
|
| 610 |
1 |
|
|a 20 век
|
| 675 |
|
|
|a Р2
|z rus
|v 3
|
| 700 |
|
1 |
|a Лиходеев
|b Л. И.
|c русский писатель
|c фельетонист
|f 1921-1994
|g Леонид Израилевич
|2 stltpush
|3 (RuTPU)RU\TPU\pers\36335
|9 19407
|
| 801 |
|
0 |
|a RU
|b RuMRKP
|c 19950417
|g psbo
|
| 801 |
|
1 |
|a RU
|b 63413507
|c 20080919
|g PSBO
|
| 801 |
|
2 |
|a RU
|b 63413507
|c 20160310
|g PSBO
|
| 942 |
|
|
|c BK
|